Antología Moral, ejemplos mexicanos de virtudes con notas históricas y biográficas.
Gespeichert in:
| 1. Verfasser: | |
|---|---|
| Format: | Buch |
| Sprache: | Spanisch |
| Erschienen: |
París-México
Librería de la Vda. de Ch. Bouret
1920
|
| Katalog: | MANES: Suchergebnis im Bibliothekskatalog |
| Schulbuchspezifische Eigenschaften: |
|
| Schlagworte: | |
| Tags: |
Tag hinzufügen
Keine Tags, Fügen Sie den ersten Tag hinzu!
|
| Hinzugefügt zu: | 18.08.2019 |
| Geändert in: | 19.08.2019 |
MARC
| LEADER | 00000nam a2200000 4500 | ||
|---|---|---|---|
| 005 | 20190819135307.0 | ||
| 008 | 190819b xxu||||| |||| 00| 0 spa d | ||
| 040 | |a centro_manes |c universidad_colima | ||
| 100 | |a Peña y Reyes, Antonio de la. |9 26061 | ||
| 245 | |a Antología Moral, ejemplos mexicanos de virtudes con notas históricas y biográficas. | ||
| 250 | |b Prólogo de Luis Gonzáles Obregón. | ||
| 260 | |a París-México |b Librería de la Vda. de Ch. Bouret |c 1920 | ||
| 300 | |a 612 p. |c 20 cm. |e Ils. | ||
| 500 | |a Aparece: Francisco Ziga, "Bibliografía Pedagógica. Libros de texto para enseñanza primaria:1850-1970 VI. "Libros de civismo, derecho constitucional, economía y moral" en Boletín del Instituto de Investigaciones Bibliográficas 1981-1982, Biblioteca Nacional, Hemeroteca Nacional, Universidad Nacional Autónoma de México, Nos. 18 - 19, p. 150. | ||
| 650 | |a Educación Cívica y Moral |9 23515 | ||
| 691 | |a PRI | ||
| 942 | |2 ddc |c BK | ||
| 999 | |c 85839 |d 85839 | ||
| 999 | |c manes:85839 |d 85839 | ||